000 00579nam a2200169 a 4500
001 000040383
005 20201002034110.0
008 130823s2007 mx 000 0 spa d
020 _a9789703251315
040 _aDO-SdBNP
_bspa
_cBNPHU
100 1 _aHuxley, Aldous Leonard,
_d1894-1963
_966680
245 1 0 _aHagas lo que hagas /
_cAldous Huxley ; introducción Ignacio Solares.
260 _aMéxico :
_bUniversidad Nacional Autónoma de México,
_c2007.
300 _a274 p. ;
_c21 cm.
500 _aIncluye notas al pie de las páginas
700 1 _aSolares, Ignacio,
_d1945-
_99756
999 _c39873
_d39873